Estudio y génesis de la psicomotricidad
Spremljeno u:
| Glavni autor: | |
|---|---|
| Format: | Knjiga |
| Jezik: | španjolski |
| Izdano: |
Barcelona
INDE
1996
|
| Teme: | |
| Oznake: |
Dodaj oznaku
Bez oznaka, Budi prvi tko označuje ovaj zapis!
|
MARC
| LEADER | 00000nam a2200000 a 4500 | ||
|---|---|---|---|
| 001 | UCQ9796 | ||
| 003 | CL-VaPUC | ||
| 008 | 990121e19960000SP |||||||||||||||||spa|d | ||
| 082 | 0 | 4 | |a 152.3 |b FON |2 21 |
| 100 | 0 | |a Fonseca, Vítor da |e author |9 424440 | |
| 245 | 1 | 0 | |a Estudio y génesis de la psicomotricidad |
| 300 | |a 421 p | ||
| 942 | |c BK | ||
| 945 | |d 19990121 00:00:00 |a aarredon | ||
| 260 | |a Barcelona |b INDE |c 1996 | ||
| 650 | 7 | |a PSICOMOTRICIDAD |2 CL-VaPUC |9 241072 | |
| 650 | 0 | |a Aptitud motora |9 307353 | |
| 650 | 0 | |a Desarrollo motor |9 313002 | |
| 650 | 0 | |a Psicología del desarrollo |9 307541 | |
| 650 | 0 | |a Procesos de aprendizaje |9 309161 | |
| 650 | 7 | |a ESCOLARIDAD |2 CL-VaPUC |9 392047 | |
| 650 | 0 | |a Adaptación escolar |9 308713 | |
| 583 | |a last modification |c 19990121 00:00:00 |k Rodrigo Vera | ||
| 999 | |c 278698 |d 278696 | ||
| 952 | |0 0 |1 0 |4 0 |6 152_300000000000000_FON_1996 |7 0 |8 A |9 317423 |a BIBEDU |b BIBEDU |d 2019-11-20 |i 3490750 |l 1 |o 152.3 FON 1996 |p 3490750 |r 2024-04-22 |s 2024-03-22 |w 2019-11-20 |y BK |k PSI | ||